|
|
|
|
| LEADER |
01465nam a2200373Ia 4500 |
| 001 |
EBC647741 |
| 003 |
MiAaPQ |
| 005 |
20200520144314.0 |
| 006 |
m o d | |
| 007 |
cr cn||||||||| |
| 008 |
000412s2010 enk sb 000 0 eng d |
| 020 |
|
|
|z 9780857247032
|
| 020 |
|
|
|z 9780857247049
|
| 035 |
|
|
|a (MiAaPQ)EBC647741
|
| 035 |
|
|
|a (Au-PeEL)EBL647741
|
| 035 |
|
|
|a (CaPaEBR)ebr10440370
|
| 035 |
|
|
|a (CaONFJC)MIL298743
|
| 035 |
|
|
|a (OCoLC)700706473
|
| 040 |
|
|
|a MiAaPQ
|c MiAaPQ
|d MiAaPQ
|
| 050 |
|
4 |
|a Z1035.1
|b .R43384 2010
|
| 245 |
0 |
0 |
|a Reference services review.
|n Volume 38, Number 4,
|p LOEX-of-the-West 2010, part 1 and library instruction and information literacy 2009
|h [electronic resource] /
|c theme editors, Meagan Bowler and Margy MacMillan.
|
| 260 |
|
|
|a [Bingley, UK] :
|b Emerald,
|c 2010.
|
| 300 |
|
|
|a p. 516-768.
|
| 490 |
1 |
|
|a Reference services review ;
|v vol. 38, no. 4
|
| 504 |
|
|
|a Includes bibliographical references.
|
| 533 |
|
|
|a Electronic reproduction. Ann Arbor, MI : ProQuest, 2015. Available via World Wide Web. Access may be limited to ProQuest affiliated libraries.
|
| 650 |
|
0 |
|a Library orientation.
|
| 650 |
|
0 |
|a Information literacy.
|
| 655 |
|
4 |
|a Electronic books.
|
| 700 |
1 |
|
|a Bowler, Meagan.
|
| 700 |
1 |
|
|a MacMillan, Margy.
|
| 710 |
2 |
|
|a ProQuest (Firm)
|
| 830 |
|
0 |
|a Reference services review ;
|v v. 38, no. 4.
|
| 856 |
4 |
0 |
|u https://ebookcentral.proquest.com/lib/matrademy/detail.action?docID=647741
|z Click to View
|